Statistics for Ligue 1 2013-2014 Ranking

Click here to take the quiz!

General Stats

  • This quiz has been taken 116 times
  • The average score is 12 of 20

Answer Stats

RankTeamPoints% Correct
1Paris Saint-Germain89
100%
2AS Monaco FC80
96%
3Lille OSC71
85%
6Olympique de Marseille60
78%
5Olympique Lyonnais61
78%
4AS Saint-Etienne69
71%
7FC Girondins de Bordeaux53
71%
9Toulouse FC49
55%
8FC Lorient49
52%
12Stade Rennais FC46
52%
17OGC Nice42
51%
15Montpellier HSC42
49%
13FC Nantes46
48%
20AC Ajaccio23
46%
10SC Bastia49
46%
11Stade de Reims48
41%
16EA Guingamp42
40%
14Evian TG FC44
40%
18FC Sochaux-Montbéliard40
40%
19Valenciennes FC29
35%

Score Distribution

Percentile by Number Answered

Percent of People with Each Score

Your Score History

You have not taken this quiz